Japan: patterns of continuity
Guardat en:
| Autor principal: | |
|---|---|
| Format: | Llibre |
| Idioma: | anglès |
| Publicat: |
Tokio
Kodansha International Ltd.
1971
|
| Matèries: | |
| Etiquetes: |
Afegir etiqueta
Sense etiquetes, Sigues el primer a etiquetar aquest registre!
|
MARC
| LEADER | 00000cam a2200000 a 4500 | ||
|---|---|---|---|
| 001 | UCF5890 | ||
| 003 | CL-VaPUC | ||
| 008 | 130328e19710000JA |||||||||||||||||eng|d | ||
| 020 | |a 087011106X | ||
| 082 | 0 | 4 | |a 952.033 |b MAR |2 21 |
| 100 | |a Maraini, Fosco |e autor |9 567877 | ||
| 245 | 1 | 0 | |a Japan: patterns of continuity |
| 300 | |a 240 p | ||
| 942 | |c BK | ||
| 945 | |d 20130328 00:00:00 |a dcastane | ||
| 260 | |a Tokio |b Kodansha International Ltd. |c 1971 | ||
| 650 | 7 | |a HISTORIA DE JAPON SIGLO 20 |2 CL-VaPUC |9 567878 | |
| 650 | 7 | |a CIVILIZACION JAPONESA |2 CL-VaPUC |9 521866 | |
| 650 | 0 | |a Cultura japonesa |9 333979 | |
| 583 | |a last modification |c 20160913 09:58:36 |k Rodrigo Vera | ||
| 999 | |c 351283 |d 351281 | ||
| 952 | |0 0 |1 0 |4 0 |6 952_033000000000000_MAR_1971 |7 0 |8 A |9 455298 |a BIBGIM |b BIBGIM |d 2019-11-22 |i 4950143 |o 952.033 MAR 1971 |p 4950143 |r 2025-01-15 |w 2019-11-22 |y BK |k ORI | ||